Normal view
MARC view
- العلي، فيصل حسين طحمير
Entry Personal Name
001 - CONTROL NUMBER
- control field: 49550
003 - CONTROL NUMBER IDENTIFIER
- control field: JO-AjAnu
005 - DATE AND TIME OF LATEST TRANSACTION
- control field: 20230606082150.0
008 - FIXED-LENGTH DATA ELEMENTS
- fixed length control field: 230606|| aca||aabn | a|a d
040 ## - CATALOGING SOURCE
- Original cataloging agency: JO-AjAnu
- Transcribing agency: JO-AjAnu
100 ## - HEADING--PERSONAL NAME
- Personal name: العلي، فيصل حسين طحمير
670 ## - SOURCE DATA FOUND
- Source citation: Work cat.: (JO-AjAnu)25338: العلي، فيصل حسين طحمير, author, الإنشاء العربي الميسر: كيف تكتب موضوع التعبير؟: كيف تعد بحثا؟